书目信息 |
| 题名: |
人类探险全记录
|
|
| 作者: | 邢万里 编著 | |
| 分册: | 上册 | |
| 出版信息: | 北京 大众文艺出版社 1999.10 |
|
| 页数: | 342页 | |
| 开本: | 21cm | |
| 丛书名: | ||
| 单 册: | ||
| 中图分类: | N81 | |
| 科图分类: | ||
| 主题词: | 自然科学--调查 , 自然科学--考察 | |
| 电子资源: | ||
| ISBN: | 7-80094-799-8 | |
| 000 | 00573nam0 2200205 45 | |
| 001 | 0103140825 | |
| 005 | 20041130161507.7 | |
| 010 | @a7-80094-799-8@dCNY39.80 | |
| 100 | @a20010314d1999 km y0chiy0120 ea | |
| 101 | 0 | @achi |
| 105 | @a z 000yy | |
| 200 | 1 | @a人类探险全记录@ARen Lei Tan Xian Quan Ji Lu@h上册@f邢万里编著@FXing Wan Li Bian Zhu |
| 210 | @a北京@c大众文艺出版社@d1999.10 | |
| 215 | @a342页@c图@d21cm | |
| 606 | 0 | @a自然科学@x调查 |
| 606 | 0 | @a自然科学@x考察 |
| 690 | @aN81@v3 | |
| 701 | 0 | @a邢万里@4编著 |
| 801 | @aCN@bTSTC@c20010314 | |
| 905 | @dN81@e3:1 | |
| 人类探险全记录.上册/邢万里编著.-北京:大众文艺出版社,1999.10 |
| 342页:图;21cm |
| ISBN 7-80094-799-8:CNY39.80 |
| ● |
| 相关链接 |
|
|
|
|
正题名:人类探险全记录
索取号:N81/3:1
 
预约/预借
| 序号 | 登录号 | 条形码 | 馆藏地/架位号 | 状态 | 备注 |
| 1 | 0295564 | 002955644 | 第三借阅区/ [索取号:N81/3:1] | 在馆 | |
| 2 | 0295565 | 002955653 | 第三借阅区/ [索取号:N81/3:1] | 在馆 | |
| 3 | 0295566 | 002955662 | 第二样本阅览室/ [索取号:N81/3:1] | 在馆 |